000 00297nam a22001217a 4500
040 _cFIZZA ISHAQ
082 _a624.1834
_bISC
100 _aAKGOEL, I.C SYAL.
_985081
245 _aREINFORCOD CONCRETE /
_cI.C SYAL AKGOEL.
260 _aNEW DEHLI :
_c2004.
300 _a720 P. ;
942 _2ddc
_cBK
999 _c586876
_d586876